Lata Mangeshkar Ki Talash Mein / (Record no. 613182)
[ view plain ]
| 000 -LEADER | |
|---|---|
| fixed length control field | 00502nam a22001457a 4500 |
| 020 ## - INTERNATIONAL STANDARD BOOK NUMBER | |
| International Standard Book Number | 978-9694964294 |
| 082 ## - DEWEY DECIMAL CLASSIFICATION NUMBER | |
| Classification number | 927.82 |
| Author Mark | HAR |
| 245 ## - TITLE STATEMENT | |
| Title | Lata Mangeshkar Ki Talash Mein / |
| Remainder of title | By: Lt Col. Retd. Ghulam Jilani Khan |
| 260 ## - PUBLICATION, DISTRIBUTION, ETC. | |
| Place of publication, distribution, etc. | لاہور: |
| Name of publisher, distributor, etc. | دوست پبلیکیشنز, |
| Date of publication, distribution, etc. | 2012 |
| 300 ## - PHYSICAL DESCRIPTION | |
| Extent | 528p.; |
| 563 ## - BINDING INFORMATION | |
| Binding note | HB |
| 880 ## - ALTERNATE GRAPHIC REPRESENTATION | |
| Linkage | 100-01\r |
| Title | لیفٹیننٹ کرنل (ریٹائرڈ) غلام جیلانی خان |
| 880 ## - ALTERNATE GRAPHIC REPRESENTATION | |
| Linkage | 245-02\r |
| Title | لتا منگیشکر کی تلاش میں |
| 942 ## - ADDED ENTRY ELEMENTS (KOHA) | |
| Source of classification or shelving scheme | |
| Koha item type | Book |
| Withdrawn status | Lost status | Source of classification or shelving scheme | Damaged status | Not for loan | Permanent Location | Current Location | Date acquired | Source of acquisition | Total Checkouts | Full call number | Barcode | Date last seen | Price effective from | Koha item type |
|---|---|---|---|---|---|---|---|---|---|---|---|---|---|---|
| Central Library (CL) | Central Library (CL) | 03/04/2025 | Donation | 927.82 HAR | CL-D-2712 | 03/04/2025 | 03/04/2025 | Book |
